[Event "AUTO-INT-2306"]
[Site "http://www.queenalice.com/game.php?id=1052873"]
[Date "2012.4.26"]
[Round "1"]
[White "rutger"]
[Black "Ravendark"]
[Result "0-1"]
[WhiteElo "1408"]
[BlackElo "1747"]

1. e4 e5 2. Nf3 Nc6 3. Nc3 Nf6 4. Bc4 Nxe4 5. Nxe4 d5 6. Nxe5 Nxe5 7. Qe2 dxc4
8. f4 Qh4+ 9. g3 Qe7 10. fxe5 b5 11. Nf2 g6 12. d4 cxd3 13. cxd3 Bg7 14. d4 O-O
15. O-O a6 16. b3 Bb7 17. Nd3 Qd7 18. Bb2 Rfe8 19. Rae1 Qd5 20. Rf3 Qxf3 21.
Qxf3 Bxf3 22. Re3 Bb7 23. Bc3 Rad8 24. Nc5 Bc8 25. Kf2 f6 0-1

[Event "AUTO-INT-2306"]
[Site "http://www.queenalice.com/game.php?id=1052874"]
[Date "2012.4.26"]
[Round "1"]
[White "Ravendark"]
[Black "rutger"]
[Result "1-0"]
[WhiteElo "1749"]
[BlackElo "1406"]

1. e4 e6 2. d4 d5 3. Nc3 c5 4. Nf3 Nc6 5. Bg5 Qc7 6. Bb5 f6 7. Bh4 c4 8. O-O a6
9. Bxc6+ Qxc6 10. Re1 Be7 11. exd5 exd5 12. Qd2 Be6 13. Re2 Nh6 14. Rae1 O-O 15.
Rxe6 Bd6 16. Bg3 Nf5 17. Bxd6 Nxd6 18. Qf4 Rad8 19. Qg3 Rf7 20. Nh4 Re8 21.
Rxe8+ Nxe8 22. Qb8 Rf8 23. Nxd5 Nd6 24. Ne7+ Kf7 25. Nxc6 1-0

[Event "AUTO-INT-2306"]
[Site "http://www.queenalice.com/game.php?id=1052877"]
[Date "2012.4.26"]
[Round "1"]
[White "rutger"]
[Black "NeeneNY"]
[Result "1-0"]
[WhiteElo "1419"]
[BlackElo "1445"]

1. e4 e5 2. Bc4 Qe7 3. Nf3 h6 4. Nc3 d6 5. d3 Be6 6. b3 g5 7. Bb2 Nc6 8. d4
O-O-O 9. d5 Nd4 10. Nxd4 exd4 11. Qxd4 Bg7 12. Qxa7 b6 13. Qa8+ Kd7 14. Bb5+ c6
15. Qxc6# 1-0

[Event "AUTO-INT-2306"]
[Site "http://www.queenalice.com/game.php?id=1052878"]
[Date "2012.4.26"]
[Round "1"]
[White "NeeneNY"]
[Black "rutger"]
[Result "1-0"]
[WhiteElo "1504"]
[BlackElo "1436"]

1. e4 e6 2. d4 d5 3. e5 c5 4. Be3 Nc6 5. Bd3 Qb6 6. b3 cxd4 7. Bf4 Bb4+ 8. Bd2
Nxe5 9. Bxb4 Qxb4+ 10. Qd2 Nxd3+ 11. cxd3 Qc5 12. Nf3 f6 13. O-O e5 14. Nc3 Bf5
15. Na4 Qb5 16. Nb2 Nh6 17. Nh4 1-0

[Event "Challenge"]
[Site "http://www.queenalice.com/game.php?id=1055266"]
[Date "2012.5.2"]
[Round "-"]
[White "Martial"]
[Black "rutger"]
[Result "1-0"]
[WhiteElo "1442"]
[BlackElo "1423"]

1. e4 e6 2. d4 d5 3. Nc3 c5 4. Nf3 Nc6 5. Bb5 Qd7 6. dxc5 dxe4 7. Nxe4 Qxd1+ 8.
Kxd1 f5 9. Nd6+ Bxd6 10. cxd6 Bd7 11. Bxc6 Bxc6 12. Bf4 O-O-O 13. a4 Nf6 14. Nd4
Bd5 15. a5 Rhe8 16. Bg5 1-0

[Event "24 hours - (004)"]
[Site "http://www.queenalice.com/game.php?id=1213119"]
[Date "2013.9.1"]
[Round "-"]
[White "magalhaes_br"]
[Black "rutger"]
[Result "0-1"]
[WhiteElo "1429"]
[BlackElo "1404"]

1. e4 e6 2. a3 d5 3. e5 c5 4. Bb5+ Nd7 5. Nf3 Qa5 6. Be2 f6 7. Nc3 a6 8. d4 fxe5
9. dxe5 d4 10. Bd2 dxc3 11. Bxc3 Qc7 12. b4 cxb4 13. axb4 Qxc3+ 14. Nd2 Bxb4 15.
O-O Qxe5 16. Nf3 Qf6 17. Ra4 a5 18. Bb5 Nh6 19. Qe2 O-O 20. Qc4 Ne5 21. Qe2 Nhg4
22. h3 Nxf3+ 23. Kh1 Nd2 24. hxg4 Qh6+ 25. Kg1 Bd6 26. g3 Nf3+ 27. Qxf3 Rxf3 28.
Kg2 Rf8 29. f3 Bc5 30. Rh1 Qd2+ 31. Kh3 Rf6 32. g5 e5+ 33. g4 Rxf3+ 34. Kh4 Qf2+
35. Kh5 g6+ 36. Kh6 Bf8# 0-1

[Event "AUTO-INT-2714"]
[Site "http://www.queenalice.com/game.php?id=1213586"]
[Date "2013.9.1"]
[Round "1"]
[White "Narizinho"]
[Black "rutger"]
[Result "0-1"]
[WhiteElo "1208"]
[BlackElo "1517"]

1. e4 e6 2. Nf3 d5 3. exd5 exd5 4. Bb5+ c6 5. Be2 Bd6 6. O-O Bg4 7. Nc3 Qf6 8.
a3 Bxf3 9. Bxf3 Ne7 10. d3 O-O 11. b4 Qxc3 12. Bb2 Qxb2 13. Qd2 Qf6 14. c4 Nd7
15. cxd5 Nxd5 16. Rab1 Qe5 0-1

[Event "AUTO-INT-2714"]
[Site "http://www.queenalice.com/game.php?id=1213587"]
[Date "2013.9.1"]
[Round "1"]
[White "rutger"]
[Black "Narizinho"]
[Result "1-0"]
[WhiteElo "1521"]
[BlackElo "1204"]

1. e4 e5 2. Nf3 Nf6 3. Nc3 Bb4 4. Bc4 O-O 5. Nxe5 d6 6. Nxf7 Qe7 7. Nxd6+ Kh8 8.
Nxc8 Rxc8 9. d3 Bxc3+ 10. bxc3 Nc6 11. O-O Na5 12. Bb3 Nxb3 13. cxb3 c5 14. Be3
Qe6 15. f4 b6 16. Rf3 Nh5 17. f5 1-0

[Event "AUTO-INT-2714"]
[Site "http://www.queenalice.com/game.php?id=1213610"]
[Date "2013.9.1"]
[Round "1"]
[White "rutger"]
[Black "santanacampos"]
[Result "0-1"]
[WhiteElo "1524"]
[BlackElo "1757"]

1. e4 c5 2. f4 e5 3. d3 exf4 4. Bxf4 Qh4+ 5. g3 Qe7 6. Qd2 Nc6 7. Nc3 d6 8. Be2
Nd4 9. O-O-O g6 10. Nf3 Bg7 11. Be3 Nxe2+ 12. Nxe2 Bg4 13. Rhf1 Qe6 14. Kb1 Ne7
15. Rf2 Bxf3 16. Rxf3 Nc6 17. Nc1 Nb4 18. Rdf1 O-O 19. d4 cxd4 20. Bxd4 Bxd4 21.
Qxd4 Nc6 22. Qd5 Qxd5 23. exd5 Ne5 24. Rf4 Rac8 25. Nb3 Nc4 26. Rd1 Ne3 27. Rd2
Nc4 28. Rdd4 Ne3 0-1

[Event "AUTO-INT-2714"]
[Site "http://www.queenalice.com/game.php?id=1213611"]
[Date "2013.9.1"]
[Round "1"]
[White "santanacampos"]
[Black "rutger"]
[Result "1-0"]
[WhiteElo "1764"]
[BlackElo "1517"]

1. e4 e6 2. Nf3 c5 3. e5 Nc6 4. Bb5 Nge7 5. O-O Qb6 6. Qe2 g6 7. Nc3 Nf5 8. Bxc6
Qxc6 9. Nb5 a6 10. Nd6+ Bxd6 11. exd6 Qxd6 12. b3 O-O 13. Bb2 b6 14. Qe4 Ra7 15.
c4 Bb7 16. Qg4 Bxf3 17. Qxf3 Qxd2 18. Bc1 Qd4 19. Bg5 Qg7 20. Rad1 f6 21. Be3 e5
22. g4 Nxe3 23. Qxe3 Qf7 24. Rd6 b5 25. Qxc5 Qe7 26. Rfd1 Rfa8 27. h4 Kg7 28.
R1d3 Qd8 29. g5 e4 30. gxf6+ Kf8 31. Rxd7+ 1-0

[Event "Challenge"]
[Site "http://www.queenalice.com/game.php?id=1592558"]
[Date "2019.12.8"]
[Round "-"]
[White "rutger"]
[Black "NOVAG91"]
[Result "1-0"]
[WhiteElo "1511"]
[BlackElo "1550"]

1. e4 e5 2. Nf3 Nc6 3. Bc4 d6 4. c3 Nf6 5. d3 Be7 6. Ng5 Be6 7. Nxe6 fxe6 8.
Bxe6 d5 9. exd5 Nxd5 10. Bh6 gxh6 11. Qh5+ Kf8 12. Qf7# 1-0

[Event "Challenge"]
[Site "http://www.queenalice.com/game.php?id=1592562"]
[Date "2019.12.8"]
[Round "-"]
[White "rutger"]
[Black "cavaliernoir"]
[Result "0-1"]
[WhiteElo "1604"]
[BlackElo "1503"]

1. e4 e5 2. Nf3 Nf6 3. Nc3 Nc6 4. Bc4 Bc5 5. b3 Qe7 6. Bb2 O-O 7. Nb5 d6 8. d4
exd4 9. Nfxd4 Qxe4+ 10. Kf1 Ne8 11. Qd3 Qxd3+ 12. Bxd3 a6 13. Nxc6 bxc6 14. Nd4
Bb7 15. f3 Bb6 16. g4 c5 17. Be4 d5 18. Bd3 cxd4 19. Kg2 Nd6 20. Rhe1 Rfe8 21.
Re2 Re3 22. Rf1 c5 23. Rxe3 dxe3 24. Be5 Ne8 25. Bf4 d4 26. c3 a5 27. a4 Ba6 28.
c4 Nc7 29. Re1 Re8 30. Re2 Bc8 31. h3 Na6 32. Re1 Nb4 33. Be4 d3 34. Rh1 Rd8 35.
Bxe3 Nc2 36. Bd2 Nb4 37. Rd1 Rd7 38. Re1 Nc2 39. Rc1 g6 40. Kf2 Nb4 41. Bxb4
cxb4+ 42. Kf1 d2 43. Rd1 Rd8 44. Ke2 Kg7 45. Rxd2 Re8 46. Kf1 Be3 47. Rd3 Bb6
48. Kg2 f5 49. Bd5 Be3 50. Be4 Bf4 51. gxf5 gxf5 52. Bxf5 Bxf5 53. Rd5 Re5 54.
Rxe5 Bxe5 55. h4 Kh6 56. Kf2 Kh5 0-1

[Event "Challenge"]
[Site "http://www.queenalice.com/game.php?id=1592563"]
[Date "2019.12.8"]
[Round "-"]
[White "cavaliernoir"]
[Black "rutger"]
[Result "0-1"]
[WhiteElo "1553"]
[BlackElo "1553"]

1. e4 e5 2. Nf3 Nc6 3. Bc4 Nf6 4. d3 Bc5 5. O-O Qe7 6. Nbd2 d6 7. Nb3 Be6 8.
Bxe6 Qxe6 9. Nxc5 dxc5 10. Be3 Qd6 11. c3 O-O-O 12. Ng5 Rd7 13. a4 Qxd3 14. Bxc5
Qc4 15. Be3 Rxd1 16. Rfxd1 Nxe4 17. Nxe4 Qxe4 18. Rd2 a6 19. b3 f6 20. Re1 b6
21. f3 Qf5 22. b4 Ne7 23. Red1 Qg6 24. g4 f5 25. Rg2 f4 26. Bc1 Qb1 27. Rb2 Qg6
28. Rbd2 Qc6 29. Rd7 Qxa4 30. R1d2 Qa1 31. Rd1 Re8 32. c4 Qc3 33. b5 Qxc4 34.
bxa6 Qxa6 35. R7d3 Qc4 36. Kg2 Ng6 37. Kf1 Nh4 38. Ke2 e4 39. fxe4 Qxe4+ 40. Kf2
Qe2+ 41. Kg1 Qg2# 0-1

[Event "AUTO-INT-3485"]
[Site "http://www.queenalice.com/game.php?id=1592856"]
[Date "2019.12.12"]
[Round "1"]
[White "vangogh"]
[Black "rutger"]
[Result "1-0"]
[WhiteElo "1637"]
[BlackElo "1584"]

1. e4 e5 2. d4 exd4 3. Qxd4 Nc6 4. Qd1 Nf6 5. f3 Bc5 6. Nh3 d6 7. Nf4 O-O 8. Bc4
Qe8 9. Nc3 a6 10. a3 Kh8 11. b4 Bd4 12. Bb2 Qe5 13. Nfe2 Be3 14. Qd3 Nd4 15. Na4
b5 16. Bxd4 Bxd4 17. Nxd4 bxc4 18. Qxc4 d5 19. Qc5 Rd8 20. O-O Bb7 21. Rae1 Nh5
22. Nf5 g6 23. Ne3 c6 24. Ng4 Qg7 25. Qe7 Rab8 26. Nc5 Re8 27. Qc7 f6 28. Qxg7+
Nxg7 29. Nd7 Rbd8 30. Nc5 Re7 31. Nxf6 Rd6 32. e5 Rd8 33. c3 Ne6 34. f4 1-0

[Event "AUTO-INT-3485"]
[Site "http://www.queenalice.com/game.php?id=1592857"]
[Date "2019.12.12"]
[Round "1"]
[White "rutger"]
[Black "vangogh"]
[Result "1-0"]
[WhiteElo "1529"]
[BlackElo "1719"]

1. e4 e5 2. Nf3 d6 3. d4 Bg4 4. Be2 Nf6 5. Nc3 h6 6. dxe5 dxe5 7. Nxe5 Bxe2 8.
Qxd8+ Kxd8 9. Nxf7+ Ke8 10. Nxh8 Bh5 11. O-O g5 12. f4 g4 13. f5 Nc6 14. Bf4 Nd4
15. Rf2 Bc5 16. Kh1 Nxc2 17. Rxc2 1-0

[Event "AUTO-INT-3485"]
[Site "http://www.queenalice.com/game.php?id=1592870"]
[Date "2019.12.12"]
[Round "1"]
[White "SamuraiJOM"]
[Black "rutger"]
[Result "0-1"]
[WhiteElo "1746"]
[BlackElo "1570"]

1. e4 e5 2. Nf3 Nc6 3. Bc4 Nf6 4. h3 Nxe4 5. O-O d5 6. Bb3 Be7 7. d3 Nf6 8. c3
Bf5 9. Re1 e4 10. dxe4 Nxe4 11. Bxd5 Qd7 12. Nh4 Bxh4 13. Be3 O-O-O 14. g3 Nxg3
15. fxg3 Bxg3 16. Re2 Rhe8 17. c4 Bxh3 18. Kh1 Qg4 19. Nc3 f5 20. a3 f4 21. Bf2
f3 22. Re4 Bg2+ 23. Kg1 Qh3 24. Bxg3 Qxg3 25. Qe1 f2+ 26. Qxf2 Qxf2+ 27. Kxf2
Bxe4 28. Bxe4 g6 29. Kf3 Rd6 30. Nb5 Nd4+ 31. Nxd4 Rxd4 32. b3 Rexe4 33. Kf2 Rd3
34. Rb1 g5 35. Re1 Rxe1 36. Kxe1 Rf3 0-1

[Event "AUTO-INT-3485"]
[Site "http://www.queenalice.com/game.php?id=1592871"]
[Date "2019.12.12"]
[Round "1"]
[White "rutger"]
[Black "SamuraiJOM"]
[Result "0-1"]
[WhiteElo "1593"]
[BlackElo "1687"]

1. e4 e5 2. Nf3 Nc6 3. Nc3 h6 4. Bc4 Na5 5. Nxe5 Nxc4 6. Nxc4 Bc5 7. d4 Be7 8.
O-O d6 9. Be3 Nf6 10. e5 dxe5 11. Nxe5 O-O 12. f3 a6 13. Bf2 c6 14. Re1 Be6 15.
Ng6 fxg6 16. Rxe6 Qd7 17. Qe2 Bd6 18. Re1 Rae8 19. Rxe8 Nxe8 20. Qe6+ Qxe6 21.
Rxe6 g5 22. Ne4 Bf4 23. Nc5 Nc7 24. Re7 Rf7 25. Rxf7 Kxf7 26. Nxb7 Ke7 27. a4 h5
28. c4 g4 29. fxg4 hxg4 30. g3 Bc1 31. b3 Ba3 32. c5 Ke6 33. Na5 Kd5 34. Kg2 Ne6
35. Nc4 Bb4 36. Ne3+ Ke4 37. Nxg4 Nxd4 38. Nf6+ gxf6 39. h4 Bxc5 40. g4 Be7 41.
Bg3 Nxb3 42. h5 Bf8 43. Kf2 Bh6 0-1

[Event "AUTO-INT-3485"]
[Site "http://www.queenalice.com/game.php?id=1592878"]
[Date "2019.12.12"]
[Round "1"]
[White "zmanomega"]
[Black "rutger"]
[Result "0-1"]
[WhiteElo "1607"]
[BlackElo "1587"]

1. d4 d5 2. e3 Nf6 3. f3 e6 4. g4 c5 5. Bb5+ Bd7 6. a4 c4 7. c3 a6 8. Bxd7+ Qxd7
9. Nh3 Bd6 10. Nd2 Nc6 11. f4 h6 12. b3 cxb3 13. Nxb3 O-O-O 14. a5 g5 15. f5
Rhe8 16. fxe6 Qxe6 17. Nf2 Re7 18. h4 Bg3 19. Rf1 Nxg4 20. Qf3 Nxe3 21. Bxe3 Bf4
22. Kd1 Qxe3 23. Qxe3 Rxe3 24. Ra2 Rxc3 25. Rc2 Rxb3 26. Re1 Rb1+ 0-1

[Event "AUTO-INT-3485"]
[Site "http://www.queenalice.com/game.php?id=1592879"]
[Date "2019.12.12"]
[Round "1"]
[White "rutger"]
[Black "zmanomega"]
[Result "1-0"]
[WhiteElo "1569"]
[BlackElo "1625"]

1. e4 e5 2. Nf3 f6 3. Nc3 c6 4. d4 d6 5. Be3 Bg4 6. Be2 Be6 7. O-O Nd7 8. Bd3
exd4 9. Bxd4 d5 10. Re1 Bg4 11. Qd2 Bxf3 12. gxf3 Bd6 13. Ne2 c5 14. Be3 d4 15.
Bf4 Be7 16. Ng3 g5 17. e5 gxf4 18. Qxf4 Nxe5 19. Bb5+ Kf7 20. Rxe5 b6 21. Qf5
Qd6 22. Qh5+ Kf8 23. Bc4 fxe5 24. Qf7# 1-0